Agatha All Along Coven Members By Picture - Statistics

General Stats
  • This quiz has been taken 109 times
  • The average score is 7 of 7
Answer Stats
Picture Answer % Correct
Agatha
100%
Rio
95%
Lilia
94%
Teen
94%
Jen
93%
Sharon
92%
Alice
90%
No matching quizzes found
Score Distribution
Percent of People with Each Score
Percentile by Number Answered
Your Score History
You have not taken this quiz